MARC

LEADER 00000nam0a2200000 4500
001 72234
005 20231031083256.0
010 |a 517022415X 
035 |a (RuTPU)RU\TPU\book\77017 
090 |a 72234 
100 |a 20050114d2004 m y0rusy50 ca 
101 0 |a rus 
102 |a RU 
105 |a y z 000ay 
200 1 |a Призрак счастья  |e роман  |f Н. Рощина 
210 |a Москва  |c АСТ  |d 2004 
215 |a 397 с. 
225 1 |a Русский романс 
610 1 |a русская литература 
610 1 |a романы 
610 1 |a любовные романы 
675 |a Р2  |v 3 
700 1 |a Рощина  |b Н.  |g Наталия Анатольевна 
801 1 |a RU  |b 63413507  |c 20050114  |g PSBO 
801 2 |a RU  |b 63413507  |c 20050323  |g PSBO 
942 |c BK